| 000 | 00455cam a2200181ua 4500 | ||
|---|---|---|---|
| 020 | _c2.25 | ||
| 041 |
_amal _h |
||
| 082 |
_a894.8124 _bGUP/IS |
||
| 100 | _aGuptan Nair, S . | ||
| 245 |
_aIsmngalkkappuram / _cS Guptan Nair. _hTextual Documents |
||
| 260 |
_aKottayam : _bSahitya Pravarthaka Co-operative Society , _c1966. |
||
| 300 | _a147 ; . | ||
| 365 | _a2.25 | ||
| 504 | _a | ||
| 942 | _cBK | ||
| 999 |
_c5922 _d5922 |
||